Argentyńczycy w FC Barcelona - nagła śmierć - Statystyki

Ogólne statystyki
  • Ten quiz został rozwiązany 153 razy
  • Średni wynik to 4 z 7
Answers on the Grid
Answers color-coded by a green-red scale on the quiz's grid according to % correct below.
Roberto Ayala
Gabriel Batistuta
Roberto Bonano
Pablo Cavallero
Martin Demichelis
Diego Maradona
Javier Mascherano
Lionel Messi
Gabriel Milito
Juan Roman Riquelme
Javier Saviola
Diego Simeone
Carlos Tevez
Juan Sebastian Veron
 
Statystyki odpowiedzi
Odpowiedź % Poprawnych
Lionel Messi
96%
Javier Mascherano
89%
Diego Maradona
78%
Javier Saviola
53%
Juan Roman Riquelme
53%
Gabriel Milito
29%
Roberto Bonano
22%
Nie znaleziono quizów pasujących do podanych kryteriów
Rozkład punktacji
Procent ludzi z każdym wynikiem
Percentyl według liczby udzielonych odpowiedzi
Twoja historia wyników
Nie rozwiązałeś tego quizu